| 000 | 01274nam a22003257a 4500 | ||
|---|---|---|---|
| 003 | CHAP | ||
| 005 | 20220329135424.0 | ||
| 008 | 971013s1971 r 00010 d | ||
| 010 | _a36210 | ||
| 011 | _a37182 | ||
| 035 | _a41301 | ||
| 040 | _cCHAP | ||
| 090 | _aFolleto 3158 | ||
| 100 | 0 | 0 |
_aPalomo Gil, Arturo. _985025 |
| 245 | _aInfluencia del número y fecha de aplicación del último riego de auxilio sobre rendimiento, calidad de fibra y producción de un segundo ciclo de fructificación de dos variedades de algodonero G. hissutum L. en la Comarca Lagunera | ||
| 260 |
_aMatamoros, Coah. : _bCentro de Investigaciones Agrícolas del Noreste, _c1971 |
||
| 300 | _apág. varía | ||
| 590 |
_aBATCH-UPD _b10 _c20130110 _lUCH01 _h1153 |
||
| 590 |
_aBATCH-UPD _b10 _c20130410 _lUCH01 _h0736 |
||
| 590 |
_aBATCH-UPD _b10 _c20130914 _lUCH01 _h0101 |
||
| 590 |
_aCONVERSION _b10 _c20130109 _lUCH01 _h1320 |
||
| 650 | 1 | 4 |
_aAlgodón _xComarca Lagunera. _93989 |
| 650 | 1 | 4 |
_aAlgodon _xIrrigacion. _94028 |
| 650 | 1 | 4 |
_aAlgodón _xRendimiento. _94053 |
| 700 | 0 |
_aPrado Martínez, Ricardo. _991268 |
|
| 710 | 0 |
_aMéxico. INIA. Centro de Investigaciones Agrícolas del Noreste. _977069 |
|
| 901 | _aBK | ||
| 942 | _cFOLL | ||
| 949 |
_aFolleto 3158 _bBC _cFOLL _d-94502 _eTS1 _i41301 _si |
||
| 999 |
_c36210 _d36210 |
||